Statistics for Guess The Player #1

Click here to take the quiz!

General Stats

  • This quiz has been taken 14 times
  • The average score is 10 of 16

Answer Stats

Answer% Correct
Luis Suarez
100%
David Luiz
92%
Raphael Varane
92%
Sergio Busquets
92%
Vinicius Jr
85%
Ivan Rakitic
77%
Willian
77%
Martin Braithwaite
69%
Cesc Fabregas
62%
Geoffrey Kondogbia
46%
Ricardo Quaresma
46%
Rodrigo De Paul
46%
Yannick Carrasco
46%
Hector Herrera
38%
Andre Gomes
31%
Youssef En-Nesyri
23%

Score Distribution

Percentile by Number Answered

Percent of People with Each Score

Your Score History

You have not taken this quiz